Sahithya Lekhanam (Record no. 1335)

MARC details
000 -LEADER
fixed length control field 00358nam a2200133Ia 4500
008 - FIXED-LENGTH DATA ELEMENTS--GENERAL INFORMATION
fixed length control field 211109s9999||||xx |||||||||||||| ||und||
082 ## - DEWEY DECIMAL CLASSIFICATION NUMBER
Classification number 894.8124
Item number SAN-S
100 ## - MAIN ENTRY--PERSONAL NAME
Personal name Sankaran Nampiyar P M,
245 #0 - TITLE STATEMENT
Title Sahithya Lekhanam
260 ## - PUBLICATION, DISTRIBUTION, ETC.
Name of publisher, distributor, etc. NATIONAL BOOKSTALL
Place of publication, distribution, etc. Kottayam
Date of publication, distribution, etc. 1998
630 ## - SUBJECT ADDED ENTRY--UNIFORM TITLE
General subdivision General Stack
650 ## - SUBJECT ADDED ENTRY--TOPICAL TERM
Topical term or geographic name entry element Malayalam Essays
942 ## - ADDED ENTRY ELEMENTS (KOHA)
Koha item type BOOK
650 ## - SUBJECT ADDED ENTRY--TOPICAL TERM
General subdivision Malayalam
Holdings
Withdrawn status Lost status Damaged status Not for loan Home library Current library Date acquired Total Checkouts Full call number Barcode Shelving location Date last seen Price effective from Koha item type
        SB LIBRARY SB LIBRARY 09/11/2021   894.8124 SAN-S 00001344 GENERAL STACK 09/11/2021 09/11/2021 BOOK

Powered by Koha